00541cam a22002051 4500001001300000003000400013005001700017008004100034010001700075035002000092040001900112042001200131050002200143060002300165100003900188245003800227260003400265300001900299999001700318med47000399 DLC20260227111559.0810815s1946 xx a 000 0 eng  amed47000399  a(OCoLC)14731089 aDLCcDNLMdDLC apremarc00aRZ241b.D393 19460 aWB 905bD326s 19461 aDe Jarnette, Bertrand,d1899-1992.10aSacro-occipital technic, 1946 ... aNebraska City, Nebr.,cc1946. ax, 98 p.bill. c38058d38058